[Event "42nd URS-ch"]
[Site "Leningrad URS"]
[Date "1974.??.??"]
[Round "1"]
[White "Balashov, Yury"]
[Black "Alburt, Lev"]
[Result "1/2-1/2"]
[WhiteElo "2540"]
[BlackElo "2420"]
[EventDate "1974.11.30"]
[PlyCount "63"]

1.e4 Nf6 2.Nc3 d5 3.e5 d4 4.exf6 dxc3 5.fxg7 cxd2+ 6.Bxd2 Bxg7 7.Qf3 ( 7.
Qh5 Qd6 ( 7...Bxb2 8.Qb5+ ) ( 7...Qd4 8.c3 Qe4+ 9.Be3 Nc6 10.Ne2 ( 10.Nf3 
) 10...Bg4 11.Qg5 Rg8 12.f3 Qc2 13.Qb5 ( 13.Qxg4 Ne5 ) 13...Bd7 14.Rc1 Qf5
) 8.Nf3 Qg6 9.Qxg6 hxg6 ) 7...Bxb2 ( 7...Qd4 8.Bc3 ( 8.c3 ) 8...Qg4 9.Bxg7
( 9.Qxg4 Bxc3+ ) ) 8.Rd1 Qd4 ( 8...Qd6 ) 9.Ne2 Qg4 10.Qb3 Bf6 ( 10...Be5 
11.Bc3 Bxc3+ 12.Qxc3 O-O 13.Rd3 ) ( 10...Bg7 11.Bc3 Nc6 12.Rd3 Bxc3+ 13.
Qxc3 Qb4 ) 11.Nf4 Nc6 12.Be2 Qf5 13.Nd5 Be5 14.Bc3 Rg8 15.f4 e6 ( 15...Bd6
16.O-O Bd7 ) 16.O-O exd5 17.fxe5 Qe4 18.Rf2 Rb8 19.Bb5 Ra8 20.Re1 Qg4 21.
Qxd5 Be6 22.Bxc6+ bxc6 23.Qxc6+ Ke7 24.Qc5+ Kd7 25.Qb5+ Kc8 26.Qa6+ Kd7 
27.Qb5+ Kc8 28.Rb1 Qe4 29.Rb4 a6 30.Qa4 Qd5 31.Rd2 Qf3 32.Qe8+ 1/2-1/2

[Event "42nd URS-ch"]
[Site "Leningrad URS"]
[Date "1974.??.??"]
[Round "3"]
[White "Dvoretsky, Mark"]
[Black "Gulko, Boris"]
[Result "1-0"]
[WhiteElo "2495"]
[BlackElo "2435"]
[EventDate "1974.11.30"]
[PlyCount "79"]

1.c4 Nf6 2.Nc3 d5 3.cxd5 Nxd5 4.g3 g6 5.Bg2 Nb6 6.Nf3 Bg7 7.O-O Nc6 8.d3 
O-O 9.a4 a5 10.Be3 e5 ( 10...Nb4 ) 11.Nb5 Nd5 ( 11...Nd4 12.Nfxd4 exd4 13.
Bf4 Nd5 14.Bxd5 ) ( 11...h6 12.Qc1 Kh7 13.Rd1 ) 12.Bc5 Re8 13.Rc1 Bg4 ( 
13...h6 14.e4 Ndb4 15.d4 exd4 16.Nfxd4 Nxd4 17.Bxd4 Bxd4 18.Nxd4 c6 ) 14.
h3 Be6 15.e4 Nf6 ( 15...Ndb4 16.d4 exd4 17.Nfxd4 Nxd4 18.Nxd4 ) 16.Ng5 Bc8
( 16...h6 17.Nxe6 Rxe6 18.f4 ) 17.Qb3 Qd7 18.h4 Re7 19.Bh3 Qe8 20.Bxe7 
Qxe7 21.Bxc8 Rxc8 22.Na7 Nxa7 23.Qxb7 h6 24.Nf3 Rd8 25.Qxa7 Rxd3 26.Rxc7 
Qe6 27.Rxf7 Nh5 ( 27...Qxf7 28.Qxf7+ Kxf7 29.Nxe5+ ) 28.Ne1 Rd2 29.Rf3 Qg4
30.Qf7+ Kh7 31.Ng2 ( 31.Rb3 Nf4 32.Rb7 ) 31...Rxb2 32.Rb3 Rxb3 33.Qxb3 Nf6
34.Qd3 Nxe4 35.h5 ( 35.f3 Nc5 ) 35...Bf8 36.Ne3 Qf3 37.hxg6+ Kxg6 38.Nc4 
Qf5 39.Nxe5+ Qxe5 40.Re1 ( 40.Re1 Kf5 41.Qf3+ ) 1-0

[Event "42nd URS-ch"]
[Site "Leningrad URS"]
[Date "1974.??.??"]
[Round "6"]
[White "Grigorian, Karen"]
[Black "Taimanov, Mark"]
[Result "1-0"]
[WhiteElo "2520"]
[BlackElo "2580"]
[EventDate "1974.11.30"]
[PlyCount "55"]

1.d4 Nf6 2.c4 e6 3.Nc3 Bb4 4.Qc2 c5 5.dxc5 Bxc5 6.Nf3 d5 ( 6...Nc6 ) 7.Bf4
( 7.cxd5 Nxd5 8.Nxd5 Qxd5 9.Bd2 Nc6 10.e3 Be7 11.a3 a6 12.Bd3 Bf6 13.Bc3 
Bxc3+ 14.Qxc3 ) 7...dxc4 ( 7...Nc6 8.Rd1 O-O 9.a3 ) 8.e3 Nd5 9.Rd1 Qa5 10.
Bxc4 Nxf4 ( 10...Nxc3 11.bxc3 O-O ) 11.exf4 Bb4 ( 11...O-O 12.O-O Nc6 13.
Ne4 Be7 ) 12.O-O Bxc3 13.bxc3 O-O 14.Ng5 g6 15.Qd3 Nc6 16.Rfe1 ( 16.Qh3 h5
17.Qg3 Ne7 ) 16...Kg7 17.Ne4 a6 ( 17...Rd8 18.Nd6 Qc7 19.f5 gxf5 20.Qg3+ 
Kf8 21.Rd3 ) 18.Bb3 Rd8 19.Qg3 ( 19.Nd6 ) 19...Ra7 20.Qh4 b5 21.Qf6+ Kg8 
22.Rd6 Ne7 ( 22...Rxd6 23.Nxd6 Qc7 ( 23...Rc7 24.Ne8 ) 24.Ne8 ) 23.Red1 
Rf8 24.Qd4 Rc7 25.Nf6+ Kh8 26.Rd8 Qxc3 27.Rxf8+ Kg7 28.Nh5+ ( 28.Nh5+ Kxf8
29.Qd8# ) 1-0

[Event "42nd URS-ch"]
[Site "Leningrad URS"]
[Date "1974.??.??"]
[Round "7"]
[White "Beliavsky, Alexander"]
[Black "Alburt, Lev"]
[Result "1-0"]
[WhiteElo "2460"]
[BlackElo "2420"]
[EventDate "1974.11.30"]
[PlyCount "73"]

1.d4 Nf6 2.c4 c5 3.Nf3 cxd4 4.Nxd4 e6 5.Nc3 Bb4 6.g3 Ne4 7.Qd3 Qa5 8.Nc2 (
8.Nb3 Nxc3 9.Bd2 Ne4 10.Qxe4 Bxd2+ 11.Nxd2 O-O ) 8...Nxc3 ( 8...Bxc3+ 9.
bxc3 Nc5 10.Qd4 O-O 11.Ba3 d6 12.O-O-O b6 13.Bg2 Bb7 ) 9.Nxb4 Nxa2 10.Rxa2
Qxb4+ 11.Bd2 Qb6 12.Bg2 Nc6 13.Qa3 Nd4 14.O-O d6 ( 14...Nxe2+ 15.Kh1 Nd4 
16.Be3 d6 ( 16...Nc2 17.Bxb6 Nxa3 18.Rxa3 ) 17.Rd1 e5 18.Qc3 ) 15.e3 Nb3 
16.Bc3 O-O 17.Rd1 Nc5 ( 17...Rd8 18.Bb4 ) 18.b4 Nd7 19.Rad2 ( 19.b5 Qc7 
20.Bb4 Nc5 ) 19...Qc7 20.Qa1 ( 20.Rxd6 Nb6 21.Qa1 Nxc4 22.Bxg7 Nxd6 23.
Bxf8 Kxf8 ) 20...f6 21.Rxd6 Nb6 22.c5 Nd5 23.Be1 ( 23.R1xd5 exd5 24.Bxd5+ 
Kh8 25.Bxf6 Be6 ) 23...Ne7 24.Qa4 a5 25.Qa3 Nf5 26.R6d3 a4 27.b5 e5 28.Bb4
Re8 29.Bd5+ Kh8 30.b6 Qd7 ( 30...Qb8 31.c6 bxc6 32.Bxc6 ) 31.c6 bxc6 32.
Bc4 Qb7 33.Rd8 Bd7 ( 33...Be6 34.Rxe8+ Rxe8 35.Bxe6 Rxe6 36.Rd8+ ) 34.
R1xd7 Qxb6 35.Rxa8 Rxa8 36.Bd3 Nh6 37.Bf8 1-0

[Event "42nd URS-ch"]
[Site "Leningrad URS"]
[Date "1974.??.??"]
[Round "10"]
[White "Dvoretsky, Mark"]
[Black "Vaganian, Rafael"]
[Result "1/2-1/2"]
[WhiteElo "2495"]
[BlackElo "2540"]
[EventDate "1974.11.30"]
[PlyCount "67"]

1.e4 e6 2.d4 d5 3.Nc3 Bb4 4.Ne2 dxe4 5.a3 Be7 6.Nxe4 Nc6 7.Be3 Nf6 8.N2c3 
O-O 9.Ng3 Nd5 10.Nxd5 ( 10.Bc4 ) ( 10.Qd2 ) 10...exd5 ( 10...Qxd5 ) 11.Bd3
f5 12.Ne2 ( 12.Qh5 g6 13.Qh6 Rf7 ) 12...Bg5 13.Bxg5 ( 13.Qd2 Bxe3 14.fxe3 
Bd7 15.O-O-O ) 13...Qxg5 14.g3 f4 15.Qd2 Bg4 16.O-O-O Qf6 17.c3 Na5 18.Qc2
Qh6 19.Kb1 Bf3 20.Rhg1 fxg3 21.hxg3 Nc4 22.Rde1 Be4 23.Nf4 ( 23.Bxe4 dxe4 
24.Nf4 ) 23...Qb6 ( 23...Rxf4 24.Rxe4 Rxe4 25.Bxc4 Qe6 26.Bd3 Re1+ ) 24.
Ka2 Rxf4 25.Rxe4 Rxe4 26.Bxc4 Qe6 27.Bd3 Re1 28.Bxh7+ Kh8 29.Bf5 Qe7 30.f4
Rxg1 31.Qh2+ Kg8 32.Qh7+ Kf8 33.Qh8+ Kf7 34.Qh5+ 1/2-1/2

[Event "42nd URS-ch"]
[Site "Leningrad URS"]
[Date "1974.??.??"]
[Round "13"]
[White "Beliavsky, Alexander"]
[Black "Vasiukov, Evgeny"]
[Result "0-1"]
[WhiteElo "2460"]
[BlackElo "2560"]
[EventDate "1974.11.30"]
[PlyCount "82"]

1.d4 Nf6 2.c4 c5 3.Nf3 cxd4 4.Nxd4 a6 5.Nc3 e6 6.e4 Qc7 7.a3 Nc6 8.Be3 b6 
9.Rc1 Nxd4 10.Bxd4 Bd6 11.Na4 Rb8 12.Bd3 ( 12.c5 bxc5 13.e5 Qb7 14.Rxc5 ) 
12...Bf4 13.Rc2 e5 14.Bc3 Qc6 15.Re2 d6 16.b3 b5 17.Nb2 O-O 18.Qc2 Bg4 19.
f3 Be6 20.g3 Bh6 21.O-O Qc5+ 22.Kg2 Qxa3 23.f4 Rfc8 24.f5 Bd7 25.Nd1 bxc4 
26.Bxc4 Bb5 27.Qd3 Qxb3 28.Bxb5 Qxb5 29.Qxb5 Rxb5 30.Rf3 Kf8 31.Bb2 Bc1 
32.Ba3 Rb6 33.Rd3 Bxa3 34.Rxa3 Rc1 35.Nc3 Rc6 36.Nd5 Nxd5 37.exd5 R6c2 38.
Rxc2 Rxc2+ 39.Kf3 Rc5 40.Rxa6 Rxd5 41.Ra7 h6 0-1

[Event "42nd URS-ch"]
[Site "Leningrad URS"]
[Date "1974.??.??"]
[Round "14"]
[White "Gulko, Boris"]
[Black "Grigorian, Karen"]
[Result "1/2-1/2"]
[WhiteElo "2435"]
[BlackElo "2520"]
[EventDate "1974.11.30"]
[PlyCount "130"]

1.d4 Nf6 2.c4 e6 3.Nf3 c5 4.d5 b5 5.dxe6 fxe6 6.cxb5 d5 7.g3 Qa5+ ( 7...
Bd6 ) ( 7...Bb7 8.Bg2 Qa5+ 9.Nbd2 Qxb5 10.O-O Nc6 11.e4 dxe4 12.Ng5 Nd4 
13.Ndxe4 O-O-O 14.Nc3 Qa6 15.Re1 Nf3+ 16.Bxf3 Rxd1 17.Bxd1 h6 18.Rxe6 Qd3 
19.Nf7 Qd7 20.Rxf6 gxf6 21.Nxh8 ) 8.Nbd2 Qxb5 9.Bg2 Be7 10.O-O O-O 11.e4 
Nc6 12.b3 ( 12.Re1 c4 13.exd5 exd5 14.b3 c3 15.Nf1 Bf5 16.Ne3 Be4 ) 12...
a5 13.Re1 a4 14.exd5 exd5 15.Bb2 a3 16.Bc1 Bf5 ( 16...Bg4 ) 17.Nf1 Ra7 18.
Ne3 Bd3 ( 18...Be4 ) 19.Ng5 c4 20.Ne6 Rb8 21.Nf4 Nb4 22.Bd2 Rd7 ( 22...Rd8
) 23.Bh3 Ra7 24.bxc4 dxc4 25.Nxd3 Nxd3 ( 25...cxd3 26.Qb3+ Kh8 27.Bf5 g6 
28.Bxb4 Qxb4 29.Bxd3 Qxb3 30.axb3 Rxb3 ) 26.Be6+ Kh8 27.Bxc4 Qd7 28.Bxd3 
Qxd3 29.Nf1 Qf5 30.Bc3 Ne4 ( 30...Rd7 ) 31.Bxg7+ Kg8 ( 31...Kxg7 32.Qd4+ )
32.Qc2 ( 32.Bd4 Rd7 33.f3 Ng5 ) 32...Rb4 33.Bh6 Rc7 34.Ne3 ( 34.Qe2 Bf6 
35.Rad1 Bd4 ( 35...Bc3 36.Rd8+ Kf7 37.Rf8+ ) 36.Ne3 Qh3 37.Bf4 Nc3 38.Qg4+
Qxg4 39.Nxg4 Nxd1 40.Bxc7 Nc3 41.Bd6 ) 34...Rxc2 35.Nxf5 Bc5 36.Be3 Nxf2 
37.Rac1 ( 37.Bxc5 Nh3+ 38.Kh1 Rxc5 39.Re8+ Kf7 40.Nd6+ Kg6 41.Kg2 Ng5 42.
Re2 Rb2 43.Re1 ( 43.Rxb2 axb2 44.Rb1 Rc2+ ) 43...Rcc2 ) 37...Rxc1 38.Rxc1 
Bxe3 39.Nxe3 Rb2 40.Rc2 Rxc2 41.Nxc2 Nd3 42.Kg2 ( 42.Nxa3 Nb4 ) 42...Kf7 
43.Kf3 Kf6 44.Ke4 Nc1 45.Nb4 Kg5 46.Kf3 Kf5 47.h3 Kg5 48.Kf2 Kg6 49.Ke3 
Kf5 50.Kd2 Nxa2 51.Nxa2 Ke4 52.Ke2 Kd4 53.g4 ( 53.Kf2 Kd3 54.Kf3 Kc2 55.
Kf4 Kb3 56.Nc1+ Kb2 57.Nd3+ Kc3 58.Nc1 ) 53...Ke4 54.Nb4 Kf4 55.Kf2 h5 56.
gxh5 Kg5 57.h4+ Kxh5 58.Kg3 Kg6 59.Kg4 Kh6 60.h5 Kh7 61.Kg5 Kg7 62.h6+ Kh7
63.Na2 Kh8 64.Kh5 Kh7 65.Nc3 Kg8 1/2-1/2